00573 2200169 4500001002100000005001700021008004100038035002400079082001200103090001900115100002500134245007400159260010700233300002100340650003000361990001200391YOGYA-0612000000106920120618195913.0 ind  0010-061200000001067 a899.223 a899.223bPur S aPURWASUWIGNYA. raden aSerat Hebdatama / oleh raden Purwasuwignya ; alih aksara Sudibyo Z.H. aJakartabDepartemen Pendidikan dan Kebudayaan Proyek Penerbitan Buku Sastra Indonesia dan Daerahc1980 a... jilidc21 cm aKesusastraan daerah-puisi a58077-a